Who said that? Walking Dead S2 Edition - Statistics

General Stats
  • This quiz has been taken 7 times
  • The average score is 8 of 13
Answer Stats
Hint Answer % Correct
"I saw that walker. I was gonna shoot it... If I had killed it, Dale would still be here." Carl
100%
"I wanted to die my way, not torn apart by drooling freaks. That was my choice. You took that away from me, Dale" Andrea
83%
"These things right here, they're the things that killed Amy! They killed Otis! They're gonna kill all of us." Shane
83%
"I don't wanna grow up, nothing ever seems to turn out right, I don't wanna grow up" Beth
67%
"You step outside, you risk your life. You take a drink of water, you risk your life. And nowadays you breathe, and you risk your life." Hershel
67%
The baby won't have any good memories at all, only fear and pain." Lori
67%
"I've already lost three of the people that I care about most... I can't take you becoming one of them," Maggie
67%
"You were the last one with him. You shared his final moments. Please. I need to hear. I need to know his death had meaning," Patricia
67%
"This is how we survive. We tell ourselves... that we are the walking dead." Rick
67%
"Take your stupid hat old man, and go back to on golden pond." Daryl
50%
"I suck at lying. I can't even play poker. It's too much like lying" Glenn
50%
"Be good, be quiet, okay? Don't wander off. I'll be right back." Carol
33%
"Silence is golden, my friend, " T-Dog
17%
No matching quizzes found
Score Distribution
Percent of People with Each Score
Percentile by Number Answered
Your Score History
You have not taken this quiz